000 00338nam a22001457a 4500
008 210311b ||||| |||| 00| 0 eng d
020 _a9780030238116
041 _aeng
080 _a334.7
082 _a334.7
100 _a55
101 _aSTA
245 _aFinancial Reporting and Statement Analysis
_cStickney,P.C
942 _2udc
_cBK
999 _c56329
_d56329